Statistics for Countries With Antarctic Research Stations

Click here to take the quiz!

General Stats

  • This quiz has been taken 37 times
  • The average score is 31 of 32

Answer Stats

Countries With Antarctic Stations% Correct
Argentina
100%
Belgium
100%
France
100%
Germany
100%
Netherlands
100%
Norway
100%
Poland
100%
Russia
100%
Sweden
100%
United Kingdom
100%
United States
100%
Australia
97%
Brazil
97%
Bulgaria
97%
Chile
97%
Czech Republic
97%
Ecuador
97%
India
97%
Italy
97%
Japan
97%
New Zealand
97%
Peru
97%
Romania
97%
South Africa
97%
South Korea
97%
Spain
97%
Ukraine
97%
Uruguay
97%
Belarus
94%
China
94%
Finland
91%
Pakistan
91%

Score Distribution

Percentile by Number Answered

Percent of People with Each Score

Your Score History

You have not taken this quiz